[Event "Copa Latinoamericana de Ajedrez 2011"]
[Site "Montevideo URU"]
[Date "2011.11.02"]
[Round "3.46"]
[White "Blanchard, Marcel"]
[Black "Chemin, Justo Reinaldo"]
[Result "1/2-1/2"]
[WhiteElo "1840"]
[BlackElo "2184"]
[PlyCount "128"]
[EventDate "2011.11.01"]
[EventType "swiss"]
[EventRounds "9"]
[EventCountry "URU"]
[Source "lmi"]
[SourceDate "2011.11.01"]

1. d4 d5 2. c4 c6 3. Nc3 Nf6 4. cxd5 cxd5 5. Nf3 Nc6 6. Bf4 e6 7. e3 Bd6 8.
Bxd6 Qxd6 9. Be2 O-O 10. O-O Bd7 11. a3 Rac8 12. Nb5 Qb8 13. Rc1 Ne4 14. Nd2 f5
15. f4 a6 16. Nxe4 fxe4 17. Nc3 Ne7 18. Bg4 Qd6 19. Qd2 b5 20. Na2 Nc6 21. b4
Rc7 22. Rc5 g6 23. Be2 Rfc8 24. Rfc1 Nd8 25. R1c2 Nb7 26. R5c3 Qb6 27. Qc1 Rc4
28. Qe1 Nd6 29. g4 Rxc3 30. Rxc3 Nc4 31. Bxc4 bxc4 32. Rc1 Rf8 33. Qh4 Rf7 34.
g5 Ba4 35. Nc3 Bd7 36. Qe1 Bc6 37. Qd1 e5 38. Ne2 exf4 39. Nxf4 Qd8 40. Qg4 Bd7
41. Qg3 Rf5 42. h4 Qe7 43. Qe1 Bb5 44. Qd2 Qd7 45. Qh2 Qc8 46. Rc3 Qc7 47. Qg3
Ba4 48. Qg2 Qd6 49. Qg4 Bd7 50. Qg3 Qb6 51. Qe1 Qb8 52. Qg3 a5 53. b5 Bxb5 54.
Qe1 Bd7 55. Rc1 a4 56. Rb1 Qc7 57. Qc3 Rxf4 58. exf4 Qxf4 59. Qb2 Qg3+ 60. Qg2
Qxh4 61. Rb8+ Kg7 62. Rb7 Qe1+ 63. Kh2 Qh4+ 64. Kg1 Qe1+ 1/2-1/2

[Event "Copa Latinoamericana de Ajedrez 2011"]
[Site "Montevideo URU"]
[Date "2011.11.02"]
[Round "3.47"]
[White "Ovalles, Otto"]
[Black "Hengles, Roberto Carlos"]
[Result "1-0"]
[WhiteElo "2175"]
[BlackElo "1927"]
[PlyCount "53"]
[EventDate "2011.11.01"]
[EventType "swiss"]
[EventRounds "9"]
[EventCountry "URU"]
[Source "lmi"]
[SourceDate "2011.11.01"]

1. d4 Nf6 2. c4 c5 3. d5 e6 4. Nc3 exd5 5. cxd5 d6 6. e4 g6 7. f4 Bg7 8. Nf3
O-O 9. Be2 b5 10. e5 dxe5 11. fxe5 Ng4 12. Bf4 Nd7 13. O-O Ndxe5 14. Qd2 Nxf3+
15. Bxf3 Bd7 16. d6 Rb8 17. Nd5 Bd4+ 18. Kh1 Qh4 19. Bxg4 Qxg4 20. Bg5 Qe6 21.
Nf6+ Kh8 22. Rae1 Qxd6 23. Bf4 Qxf6 24. Bxb8 Bf5 25. Bf4 Bxb2 26. Qd5 Qd4 27.
Be5+ 1-0

[Event "Copa Latinoamericana de Ajedrez 2011"]
[Site "Montevideo URU"]
[Date "2011.11.02"]
[Round "3.48"]
[White "Passos Coutinho, Eduardo"]
[Black "Guerrero, Alvaro"]
[Result "0-1"]
[WhiteElo "1810"]
[BlackElo "2170"]
[PlyCount "114"]
[EventDate "2011.11.01"]
[EventType "swiss"]
[EventRounds "9"]
[EventCountry "URU"]
[Source "lmi"]
[SourceDate "2011.11.01"]

1. Nf3 d6 2. d4 Nf6 3. g3 g6 4. Bg2 Bg7 5. O-O O-O 6. c4 Nc6 7. Nc3 a6 8. e4
Nd7 9. Be3 e5 10. Qd2 Rb8 11. d5 Na5 12. b3 b6 13. Bh6 Qe7 14. Bxg7 Kxg7 15.
Nh4 Nb7 16. f4 exf4 17. Rxf4 Ne5 18. Raf1 f6 19. R4f2 Nc5 20. Nf3 Ncd3 21. Nxe5
Nxe5 22. Ne2 Bd7 23. Nd4 Rbe8 24. Re2 Rf7 25. Nf3 Bg4 26. h3 Nxf3+ 27. Bxf3
Bxh3 28. Rfe1 Qe5 29. Kf2 Bd7 30. Rh1 Qg5 31. Qxg5 fxg5 32. Ke3 Ref8 33. Bg2
Bg4 34. Rd2 h5 35. Rh2 Re7 36. Rh1 Rh8 37. Rf2 Rhe8 38. Rd2 Bf5 39. Rd4 Bd7 40.
a4 a5 41. Rd2 Rh8 42. Rf2 h4 43. gxh4 gxh4 44. Bh3 Bxh3 45. Rxh3 g5 46. Rg2 Kg6
47. Kd4 Kh5 48. Kd3 g4 49. Rxh4+ Kxh4 50. Rh2+ Kg3 51. Rxh8 Kg2 52. Ke3 Rf7 53.
Rg8 g3 54. Ke2 Kh2 55. Rh8+ Kg1 56. Rg8 g2 57. Rg3 Kh2 0-1

[Event "Copa Latinoamericana de Ajedrez 2011"]
[Site "Montevideo URU"]
[Date "2011.11.02"]
[Round "3.50"]
[White "Froes Yano, William Jorge"]
[Black "Ledesma, Sebastian"]
[Result "1/2-1/2"]
[WhiteElo "2162"]
[BlackElo "1908"]
[PlyCount "64"]
[EventDate "2011.11.01"]
[EventType "swiss"]
[EventRounds "9"]
[EventCountry "URU"]
[Source "lmi"]
[SourceDate "2011.11.01"]

1. e4 e5 2. f4 Bc5 3. Nf3 d6 4. c3 Bb6 5. d4 exd4 6. cxd4 Nf6 7. Nc3 Bg4 8. Be2
Nc6 9. d5 Bxf3 10. Bxf3 Nd4 11. Be3 Nxf3+ 12. Qxf3 Bxe3 13. Qxe3 O-O 14. O-O-O
Re8 15. Qf3 b5 16. Rhe1 b4 17. Nb5 Qd7 18. Nd4 Qa4 19. e5 Qxa2 20. Qb3 Qxb3 21.
Nxb3 dxe5 22. fxe5 Ng4 23. e6 fxe6 24. dxe6 Nf6 25. Nc5 a5 26. Nd7 Rad8 27.
Nxf6+ gxf6 28. Rd7 c5 29. Re3 Kh8 30. Rf7 Rg8 31. e7 Rde8 32. Rh3 Rg7 1/2-1/2

[Event "Copa Latinoamericana de Ajedrez 2011"]
[Site "Montevideo URU"]
[Date "2011.11.02"]
[Round "3.51"]
[White "Ligato, Guillermo"]
[Black "Ulaneo, Ruben"]
[Result "1-0"]
[WhiteElo "1789"]
[BlackElo "2155"]
[PlyCount "129"]
[EventDate "2011.11.01"]
[EventType "swiss"]
[EventRounds "9"]
[EventCountry "URU"]
[Source "lmi"]
[SourceDate "2011.11.01"]

1. Nf3 d5 2. d4 e6 3. h3 c5 4. c4 Nc6 5. cxd5 exd5 6. Nc3 Nf6 7. g3 h6 8. Bg2
Be6 9. Qb3 Qd7 10. Bf4 c4 11. Qa4 Bb4 12. Kf1 Bxc3 13. bxc3 O-O 14. Qa3 Ne4 15.
Kg1 g5 16. Be3 f6 17. h4 Kg7 18. Nd2 Nd6 19. Qc1 Nf5 20. hxg5 hxg5 21. Nf3 Nxe3
22. Qxe3 Rh8 23. Nxg5 Rxh1+ 24. Bxh1 fxg5 25. Qxg5+ Kf7 26. Bf3 Rh8 27. Bh5+
Rxh5 28. Qxh5+ Ke7 29. Kh2 Kd8 30. Rh1 Kc7 31. Qh6 Qf7 32. Kg2 Ne7 33. Qh8 Bf5
34. Qe5+ Kb6 35. Rh6+ Bg6 36. Qd6+ Ka5 37. a4 b6 38. Qb4+ Ka6 39. Qb5+ Kb7 40.
Qd7+ Ka6 41. Rxg6 Qxg6 42. Qxe7 Qc2 43. Qe3 Qxa4 44. g4 Qd7 45. Kg3 Kb7 46. g5
a5 47. Qe5 a4 48. g6 a3 49. g7 Qf7 50. Qg5 a2 51. g8=Q Qxg8 52. Qxg8 a1=Q 53.
Qxd5+ Ka7 54. Qd7+ Kb8 55. Qe8+ Ka7 56. Qf7+ Kb8 57. Qxc4 Qg1+ 58. Kf3 Qh1+ 59.
Ke3 Qc1+ 60. Ke4 Qh1+ 61. f3 Qh7+ 62. Ke3 Qe7+ 63. Kd2 Qg5+ 64. Kc2 Qe3 65. d5
1-0

[Event "Copa Latinoamericana de Ajedrez 2011"]
[Site "Montevideo URU"]
[Date "2011.11.02"]
[Round "3.52"]
[White "Curi, Gabriel"]
[Black "Cori, Kevin"]
[Result "1/2-1/2"]
[WhiteElo "2154"]
[BlackElo "1902"]
[PlyCount "85"]
[EventDate "2011.11.01"]
[EventType "swiss"]
[EventRounds "9"]
[EventCountry "URU"]
[Source "lmi"]
[SourceDate "2011.11.01"]

1. e4 e5 2. f4 exf4 3. Nc3 g5 4. h4 Bg7 5. Bc4 d6 6. Qh5 Qe7 7. Qxg5 Qxg5 8.
hxg5 Nc6 9. d3 Nd4 10. Bb3 Be6 11. Bxf4 Bxb3 12. cxb3 Nc2+ 13. Kd2 Nxa1 14. Nf3
Nxb3+ 15. axb3 Ne7 16. d4 O-O-O 17. Kd3 Ng6 18. Be3 c6 19. b4 a6 20. Ne2 f6 21.
Ng3 fxg5 22. Nxg5 Rd7 23. Nf5 Bf6 24. g4 Bxg5 25. Bxg5 Rg8 26. Bf6 Nf4+ 27. Ke3
Rxg4 28. Kf3 Rg6 29. Ne7+ Rxe7 30. Bxe7 Ne6 31. d5 cxd5 32. exd5 Nc7 33. Ke4
Rg4+ 34. Kf5 Rd4 35. Bxd6 Rxd5+ 36. Be5 Rd7 37. Rh6 b5 38. Bxc7 Rxc7 39. Rxa6
Rc4 40. Rh6 Rxb4 41. Rxh7 Rxb2 42. Ke4 Rc2 43. Rh5 1/2-1/2

[Event "Copa Latinoamericana de Ajedrez 2011"]
[Site "Montevideo URU"]
[Date "2011.11.02"]
[Round "3.53"]
[White "Arias, Jorge"]
[Black "Davila, Mario"]
[Result "1/2-1/2"]
[WhiteElo "2151"]
[BlackElo "1896"]
[PlyCount "44"]
[EventDate "2011.11.01"]
[EventType "swiss"]
[EventRounds "9"]
[EventCountry "URU"]
[Source "lmi"]
[SourceDate "2011.11.01"]

1. c4 c5 2. Nc3 Nc6 3. Nf3 g6 4. d4 cxd4 5. Nxd4 Bg7 6. e3 Nf6 7. Be2 O-O 8.
O-O a6 9. b3 Qc7 10. Bb2 b6 11. Rc1 Nxd4 12. exd4 Bb7 13. d5 Rac8 14. Bf3 d6
15. Re1 Rfe8 16. Qd2 Rb8 17. h4 e5 18. h5 Bc8 19. hxg6 hxg6 20. Ba3 Qe7 21. Be4
Qf8 22. Rcd1 Bh6 1/2-1/2

[Event "Copa Latinoamericana de Ajedrez 2011"]
[Site "Montevideo URU"]
[Date "2011.11.02"]
[Round "3.54"]
[White "Mafra Kaiser, Luiz"]
[Black "Rodriguez Lazo, Luis"]
[Result "1-0"]
[WhiteElo "2150"]
[BlackElo "1879"]
[PlyCount "79"]
[EventDate "2011.11.01"]
[EventType "swiss"]
[EventRounds "9"]
[EventCountry "URU"]
[Source "lmi"]
[SourceDate "2011.11.01"]

1. e4 c6 2. d4 d5 3. Nc3 g6 4. f3 Bg7 5. Be3 e6 6. Qd2 Nd7 7. O-O-O a6 8. h4 h5
9. Nh3 b5 10. Nf4 Qa5 11. Bd3 Nb6 12. exd5 cxd5 13. Nb1 Qxa2 14. Nxg6 fxg6 15.
Bxg6+ Kd7 16. Bg5 Nc4 17. Qc3 Bf8 18. g4 hxg4 19. fxg4 b4 20. Qb3 Qxb3 21. cxb3
Nd6 22. Nd2 Be7 23. Nf3 Bxg5+ 24. hxg5 Rxh1 25. Rxh1 Kc7 26. Rh7+ Kb6 27. Rg7
Bb7 28. Bh7 Rf8 29. Ne5 Bc6 30. Rxg8 Rf1+ 31. Kc2 Rf2+ 32. Kc1 Rf1+ 33. Kc2
Rf2+ 34. Kb1 Rf1+ 35. Ka2 Nb5 36. Rb8+ Bb7 37. Bd3 Rc1 38. Bxb5 axb5 39. g6 Ka7
40. Nd7 1-0

[Event "Copa Latinoamericana de Ajedrez 2011"]
[Site "Montevideo URU"]
[Date "2011.11.02"]
[Round "3.55"]
[White "Visillac, Alejandro"]
[Black "Sanguinetti, Luis"]
[Result "0-1"]
[WhiteElo "1775"]
[BlackElo "2138"]
[PlyCount "80"]
[EventDate "2011.11.01"]
[EventType "swiss"]
[EventRounds "9"]
[EventCountry "URU"]
[Source "lmi"]
[SourceDate "2011.11.01"]

1. e4 e6 2. d4 d5 3. Nd2 Nf6 4. e5 Nfd7 5. Bd3 c5 6. c3 Nc6 7. Ne2 cxd4 8. cxd4
f6 9. exf6 Nxf6 10. Nf3 Bd6 11. O-O Qc7 12. Bc2 O-O 13. Re1 h6 14. a3 g5 15.
Qd3 Qg7 16. Qg6 Bd7 17. h3 Qxg6 18. Bxg6 Kg7 19. Bc2 Rac8 20. Be3 Nb4 21. axb4
Rxc2 22. Rxa7 Bxb4 23. Nc3 Rxb2 24. Rc1 Rc8 25. Na2 Bd6 26. Rxc8 Bxc8 27. Ne5
Rb1+ 28. Nc1 Bxe5 29. dxe5 Ne4 30. Ra8 Bd7 31. Rd8 Bc6 32. f3 Nc3 33. Kh2 Nd1
34. Bd2 Rb2 35. Be1 Ne3 36. Nd3 Rxg2+ 37. Kh1 d4 38. Bf2 Bxf3 39. Bxe3 dxe3 40.
Ne1 Rd2+ 0-1

[Event "Copa Latinoamericana de Ajedrez 2011"]
[Site "Montevideo URU"]
[Date "2011.11.02"]
[Round "3.56"]
[White "Restuccia, Francisco"]
[Black "Piñero, Ismael"]
[Result "1-0"]
[WhiteElo "2136"]
[BlackElo "1874"]
[PlyCount "81"]
[EventDate "2011.11.01"]
[EventType "swiss"]
[EventRounds "9"]
[EventCountry "URU"]
[Source "lmi"]
[SourceDate "2011.11.01"]

1. e4 c5 2. Nc3 Nc6 3. f4 g6 4. Nf3 Bg7 5. Bc4 e6 6. O-O Nge7 7. e5 d5 8. exd6
Qxd6 9. Ne4 Qc7 10. c3 O-O 11. Qe1 Na5 12. Bb5 a6 13. Ba4 b5 14. Bc2 c4 15. Qh4
f6 16. d4 cxd3 17. Bxd3 Nf5 18. Qe1 Rd8 19. Bc2 Nc4 20. Kh1 Qa7 21. Bb3 Nce3
22. Rg1 Ng4 23. h3 Ngh6 24. Kh2 Qc7 25. g4 Ne7 26. Nd4 Nd5 27. Qg3 Nf7 28. f5
e5 29. Ne6 Bxe6 30. fxe6 Nh8 31. g5 Qe7 32. gxf6 Nxf6 33. Bg5 Rf8 34. Rgf1 h6
35. Nxf6+ Rxf6 36. Bxf6 Bxf6 37. Rad1 Ra7 38. Rd7 Rxd7 39. exd7+ Kh7 40. Qd3
Nf7 41. Kh1 1-0

[Event "Copa Latinoamericana de Ajedrez 2011"]
[Site "Montevideo URU"]
[Date "2011.11.02"]
[Round "3.57"]
[White "Pesuto, Ivan"]
[Black "Fernandez, Carlos"]
[Result "1-0"]
[WhiteElo "2129"]
[BlackElo "1865"]
[PlyCount "91"]
[EventDate "2011.11.01"]
[EventType "swiss"]
[EventRounds "9"]
[EventCountry "URU"]
[Source "lmi"]
[SourceDate "2011.11.01"]

1. d4 Nf6 2. Nf3 e6 3. c4 d5 4. cxd5 exd5 5. Nc3 Be7 6. Bg5 Be6 7. e3 O-O 8.
Bd3 Nbd7 9. O-O a6 10. h3 c5 11. dxc5 Nxc5 12. Rc1 Rc8 13. Nd4 Nfe4 14. Bxe7
Qxe7 15. Bb1 g6 16. Nce2 b5 17. Nf3 Qf6 18. Qd4 Qe7 19. b4 Na4 20. Bxe4 dxe4
21. Qxe4 Qf6 22. a3 Bc4 23. Nfd4 Nb2 24. Qb1 Bxe2 25. Nxe2 Nc4 26. Qa2 Rfd8 27.
Nd4 h5 28. a4 Qg5 29. axb5 axb5 30. Qa6 Ra8 31. Qxb5 Qxb5 32. Nxb5 Rdc8 33. Nd4
Ra4 34. b5 Rb8 35. Ra1 Rba8 36. Rxa4 Rxa4 37. Rc1 Nd2 38. g3 Ra2 39. Rc2 Ra1+
40. Kg2 Ne4 41. Rb2 Ra7 42. h4 Rb7 43. Kf3 Nd6 44. e4 f6 45. Kf4 Kf7 46. f3 1-0

[Event "Copa Latinoamericana de Ajedrez 2011"]
[Site "Montevideo URU"]
[Date "2011.11.02"]
[Round "3.58"]
[White "Lopez Durand, Cesar"]
[Black "Lopez Falcon, Jorge"]
[Result "0-1"]
[WhiteElo "1758"]
[BlackElo "2126"]
[PlyCount "52"]
[EventDate "2011.11.01"]
[EventType "swiss"]
[EventRounds "9"]
[EventCountry "URU"]
[Source "lmi"]
[SourceDate "2011.11.01"]

1. d4 Nf6 2. Nf3 g6 3. Bf4 Bg7 4. e3 O-O 5. h4 d5 6. Bd3 c5 7. c3 Qb6 8. Qc1
Nc6 9. Nbd2 Ng4 10. Rb1 e5 11. dxe5 Ncxe5 12. Nxe5 Nxe5 13. Be2 Bf5 14. Bxe5
Bxe5 15. Ra1 Rfe8 16. g4 Bd7 17. a4 Bc6 18. Qc2 Bg7 19. h5 Re7 20. hxg6 hxg6
21. Rh3 Rae8 22. Nf3 d4 23. Bc4 Be4 24. Bd3 Bxd3 25. Qxd3 dxe3 26. Kf1 Qxb2 0-1

[Event "Copa Latinoamericana de Ajedrez 2011"]
[Site "Montevideo URU"]
[Date "2011.11.02"]
[Round "3.59"]
[White "Genta, Alejandro"]
[Black "Ibañez, Marcelo"]
[Result "1-0"]
[WhiteElo "2123"]
[BlackElo "1854"]
[PlyCount "59"]
[EventDate "2011.11.01"]
[EventType "swiss"]
[EventRounds "9"]
[EventCountry "URU"]
[Source "lmi"]
[SourceDate "2011.11.01"]

1. d4 Nf6 2. c4 e6 3. Nf3 b6 4. Nc3 Bb4 5. Qc2 c5 6. dxc5 bxc5 7. a3 Ba5 8. e4
d5 9. exd5 exd5 10. cxd5 O-O 11. Be2 Nxd5 12. O-O Nxc3 13. bxc3 Qf6 14. Bg5 Bf5
15. Qa4 Qb6 16. Nh4 Bd7 17. Qc2 h6 18. Rab1 Qe6 19. Be3 Qf6 20. Nf3 Rc8 21. c4
Na6 22. Bd3 Bb6 23. Bd2 Re8 24. Rfe1 Bc6 25. Bc3 Qf4 26. Ne5 Bc7 27. g3 Qf6 28.
Bh7+ Kh8 29. Ng6+ fxg6 30. Bxg6 1-0

[Event "Copa Latinoamericana de Ajedrez 2011"]
[Site "Montevideo URU"]
[Date "2011.11.02"]
[Round "3.60"]
[White "Lopez, Aldi"]
[Black "Magaldi, Nelson"]
[Result "1-0"]
[WhiteElo "2076"]
[BlackElo "2123"]
[PlyCount "63"]
[EventDate "2011.11.01"]
[EventType "swiss"]
[EventRounds "9"]
[EventCountry "URU"]
[Source "lmi"]
[SourceDate "2011.11.01"]

1. Nf3 d5 2. d4 Nf6 3. c4 e6 4. Bg5 Be7 5. Nc3 O-O 6. e3 Nbd7 7. Qc2 h6 8. Bf4
c6 9. h3 a6 10. a3 Qa5 11. c5 Qd8 12. Bd3 b6 13. b4 Bb7 14. O-O Nh5 15. Bh2 f5
16. Ne2 g5 17. Ne5 Nxe5 18. dxe5 Ng7 19. g4 b5 20. Nd4 Qc8 21. a4 Rb8 22. axb5
axb5 23. gxf5 Nxf5 24. Bxf5 exf5 25. e6 Ra8 26. Rxa8 Bxa8 27. Nxf5 Qxe6 28.
Nxe7+ Qxe7 29. Bd6 Qe6 30. Bxf8 Kxf8 31. Ra1 Bb7 32. Ra7 1-0

[Event "Copa Latinoamericana de Ajedrez 2011"]
[Site "Montevideo URU"]
[Date "2011.11.02"]
[Round "3.61"]
[White "Iurk, Jonel Nazareno"]
[Black "Michailov, Matias"]
[Result "1/2-1/2"]
[WhiteElo "2023"]
[BlackElo "2117"]
[PlyCount "99"]
[EventDate "2011.11.01"]
[EventType "swiss"]
[EventRounds "9"]
[EventCountry "URU"]
[Source "lmi"]
[SourceDate "2011.11.01"]

1. d4 d5 2. Nf3 Nf6 3. g3 Bf5 4. Bg2 c6 5. O-O e6 6. c4 dxc4 7. Nc3 Nbd7 8. Bg5
Be7 9. Bxf6 Nxf6 10. Ne5 O-O 11. Nxc4 Bg6 12. e3 Qc7 13. Rc1 Rfd8 14. Qb3 Rac8
15. Ne5 Qb8 16. Nxg6 hxg6 17. Rfd1 Bd6 18. Ne4 Nxe4 19. Bxe4 g5 20. Rd3 g6 21.
Rcd1 Kg7 22. Bg2 Rh8 23. e4 a5 24. d5 cxd5 25. exd5 e5 26. Rc3 Qa7 27. Rdc1 a4
28. Qb5 Rxc3 29. Rxc3 a3 30. bxa3 Qd4 31. Qd3 Qxd3 32. Rxd3 Rc8 33. Rd2 Rc3 34.
Bf1 e4 35. Kg2 Kf6 36. Be2 Ke5 37. Bd1 f5 38. Bb3 f4 39. Kf1 f3 40. Ke1 g4 41.
Rc2 Rd3 42. Rd2 Bc5 43. Rxd3 exd3 44. d6 Kxd6 45. Bf7 Ke5 46. Bxg6 d2+ 47. Kxd2
Bxf2 48. Bh5 Kf5 49. h3 Bxg3 50. Bxg4+ 1/2-1/2

[Event "Copa Latinoamericana de Ajedrez 2011"]
[Site "Montevideo URU"]
[Date "2011.11.02"]
[Round "3.62"]
[White "Chavez Riofrio, Elias Enrique"]
[Black "Kasuo Okamura, Milton"]
[Result "0-1"]
[WhiteElo "2009"]
[BlackElo "2107"]
[PlyCount "42"]
[EventDate "2011.11.01"]
[EventType "swiss"]
[EventRounds "9"]
[EventCountry "URU"]
[Source "lmi"]
[SourceDate "2011.11.01"]

1. Nf3 Nf6 2. g3 b6 3. Bg2 Bb7 4. O-O e6 5. d4 c5 6. c4 cxd4 7. Nxd4 Bxg2 8.
Kxg2 a6 9. Nc3 d6 10. e4 Qc7 11. Qe2 Be7 12. f4 Nbd7 13. Bd2 O-O 14. Rac1 Rfe8
15. g4 g6 16. h4 Bf8 17. Nc2 h5 18. gxh5 Nxh5 19. Ne3 d5 20. Ng4 dxe4 21. Kh1
Ng3+ 0-1

[Event "Copa Latinoamericana de Ajedrez 2011"]
[Site "Montevideo URU"]
[Date "2011.11.02"]
[Round "3.63"]
[White "Ulaneo, Nicolas"]
[Black "Luzuriaga, Norberto"]
[Result "1-0"]
[WhiteElo "2106"]
[BlackElo "1836"]
[PlyCount "77"]
[EventDate "2011.11.01"]
[EventType "swiss"]
[EventRounds "9"]
[EventCountry "URU"]
[Source "lmi"]
[SourceDate "2011.11.01"]

1. d4 d5 2. c4 e6 3. Nc3 Nf6 4. cxd5 Nxd5 5. e4 Nxc3 6. bxc3 Nd7 7. Nf3 Be7 8.
Bd3 b6 9. a4 a5 10. Qe2 Bb7 11. O-O O-O 12. Be3 Nf6 13. Nd2 Rc8 14. c4 Ba6 15.
Rfd1 Nd7 16. f4 c5 17. d5 exd5 18. cxd5 Bxd3 19. Qxd3 c4 20. Nxc4 Bc5 21. Rac1
Bxe3+ 22. Qxe3 Nc5 23. Nxa5 Nxa4 24. Nc6 Qd7 25. Ra1 Nc5 26. Ra7 Rc7 27. Rda1
Rxa7 28. Rxa7 Qg4 29. Qf3 Qh4 30. g3 Qh3 31. e5 Re8 32. d6 Kf8 33. Qd5 Nd7 34.
Ne7 g6 35. Ra8 Rxa8 36. Qxa8+ Kg7 37. Qg8+ Kh6 38. Qxf7 Qg4 39. Ng8+ 1-0

[Event "Copa Latinoamericana de Ajedrez 2011"]
[Site "Montevideo URU"]
[Date "2011.11.02"]
[Round "3.64"]
[White "Cicero, Carlos"]
[Black "De Lima, Carlos Alexandre"]
[Result "0-1"]
[WhiteElo "1937"]
[BlackElo "2106"]
[PlyCount "68"]
[EventDate "2011.11.01"]
[EventType "swiss"]
[EventRounds "9"]
[EventCountry "URU"]
[Source "lmi"]
[SourceDate "2011.11.01"]

1. e4 c6 2. d4 d6 3. Nf3 Nf6 4. Bd3 Bg4 5. b3 Nbd7 6. Bb2 e5 7. c3 Be7 8. Nbd2
O-O 9. h3 Bh5 10. Qc2 Re8 11. g4 Bg6 12. Nf1 d5 13. Ng3 dxe4 14. Nxe4 Nxe4 15.
Bxe4 Bxe4 16. Qxe4 exd4 17. O-O Ba3 18. Qb1 Bxb2 19. Qxb2 dxc3 20. Qxc3 Qf6 21.
Qxf6 Nxf6 22. Rfe1 h6 23. Nd4 g6 24. Kf1 Kf8 25. Red1 Rad8 26. Rac1 Rd5 27. Ne2
Red8 28. Ke1 Rxd1+ 29. Rxd1 Rxd1+ 30. Kxd1 Ne4 31. Ke1 Ke7 32. h4 Kd6 33. f3
Nf6 34. Kd1 Ke5 0-1

[Event "Copa Latinoamericana de Ajedrez 2011"]
[Site "Montevideo URU"]
[Date "2011.11.02"]
[Round "3.65"]
[White "Colombo, Camila"]
[Black "Casas, Nicolas"]
[Result "1-0"]
[WhiteElo "2096"]
[BlackElo "1811"]
[PlyCount "57"]
[EventDate "2011.11.01"]
[EventType "swiss"]
[EventRounds "9"]
[EventCountry "URU"]
[Source "lmi"]
[SourceDate "2011.11.01"]

1. d4 d5 2. c4 c6 3. Nf3 Nf6 4. Nc3 e6 5. Bg5 Be7 6. e3 Nbd7 7. cxd5 cxd5 8.
Bd3 b6 9. O-O Bb7 10. Rc1 O-O 11. Qc2 Rc8 12. Qb1 Re8 13. Bf4 Nf8 14. Nb5 a6
15. Bc7 Rxc7 16. Nxc7 Bd6 17. Nxe8 Nxe8 18. e4 Bf4 19. Rcd1 Nd6 20. e5 Ne4 21.
g3 Bh6 22. Qc2 Ng6 23. Qe2 a5 24. Ba6 Ba8 25. Qc2 Ne7 26. Nh4 Bg5 27. Ng2 Bh6
28. f3 Ng5 29. h4 1-0

[Event "Copa Latinoamericana de Ajedrez 2011"]
[Site "Montevideo URU"]
[Date "2011.11.02"]
[Round "3.66"]
[White "Hernandez, Rafael"]
[Black "Schuh, Astor Jose"]
[Result "0-1"]
[WhiteElo "1827"]
[BlackElo "2094"]
[PlyCount "105"]
[EventDate "2011.11.01"]
[EventType "swiss"]
[EventRounds "9"]
[EventCountry "URU"]
[Source "lmi"]
[SourceDate "2011.11.01"]

1. d4 Nf6 2. Nf3 e6 3. Bg5 Be7 4. e3 b6 5. Nbd2 Bb7 6. Bd3 d5 7. c3 Nbd7 8. O-O
h6 9. Bf4 O-O 10. Ne5 Nxe5 11. dxe5 Ne4 12. h3 Bg5 13. Bh2 Nxd2 14. Qxd2 g6 15.
f4 Bh4 16. g3 Be7 17. Qe2 d4 18. exd4 Qd5 19. Kf2 c5 20. Rg1 cxd4 21. c4 Qc6
22. Qg4 Kg7 23. h4 h5 24. Qe2 a5 25. Rae1 Rac8 26. b3 Bb4 27. Rc1 Rh8 28. g4
hxg4 29. Bg3 Qf3+ 30. Qxf3 gxf3 31. Rcd1 Bc6 32. Rh1 Rcd8 33. a4 Rh5 34. Rh3
Rdh8 35. Rh2 Rd8 36. Rhh1 Be7 37. Rh2 Rf8 38. Re1 Bb4 39. Rg1 Bd2 40. Kf1 Be3
41. Bf2 Bxf4 42. Bg3 Bxg3 43. Rxg3 Rfh8 44. Rg4 Rxe5 45. Rxd4 Rc5 46. Kf2 e5
47. Rd6 e4 48. Bb1 Rhh5 49. Rh1 Rhe5 50. Re1 Kh6 51. Rf6 Kg7 52. Rd6 Re7 53.
Rd4 0-1

[Event "Copa Latinoamericana de Ajedrez 2011"]
[Site "Montevideo URU"]
[Date "2011.11.02"]
[Round "3.67"]
[White "Chamlian, Aram"]
[Black "Bustelo, Tabare"]
[Result "0-1"]
[WhiteElo "1758"]
[BlackElo "2091"]
[PlyCount "34"]
[EventDate "2011.11.01"]
[EventType "swiss"]
[EventRounds "9"]
[EventCountry "URU"]
[Source "lmi"]
[SourceDate "2011.11.01"]

1. Nf3 d5 2. g3 Nc6 3. d4 Bg4 4. e3 e5 5. dxe5 Nxe5 6. Bg2 Qf6 7. Nbd2 Bb4 8.
c3 Nd3+ 9. Ke2 Qa6 10. c4 dxc4 11. Nxc4 O-O-O 12. Qb3 Nf6 13. Rd1 Ne5 14. Rxd8+
Rxd8 15. Qxb4 Nxc4 16. Ke1 Ne5 17. Nd4 Nd3+ 0-1

[Event "Copa Latinoamericana de Ajedrez 2011"]
[Site "Montevideo URU"]
[Date "2011.11.02"]
[Round "3.68"]
[White "Cervetto, Esteban"]
[Black "Pesuto, Nicolas"]
[Result "1-0"]
[WhiteElo "2076"]
[BlackElo "1755"]
[PlyCount "70"]
[EventDate "2011.11.01"]
[EventType "swiss"]
[EventRounds "9"]
[EventCountry "URU"]
[Source "lmi"]
[SourceDate "2011.11.01"]

1. e4 e5 2. Nf3 Nf6 3. Nxe5 d6 4. Nf3 Nxe4 5. d4 d5 6. Bd3 Bd6 7. O-O O-O 8. c4
Nf6 9. Nc3 dxc4 10. Bxc4 a6 11. a4 Bg4 12. Bg5 Be7 13. h3 Bh5 14. g4 Bg6 15.
Re1 Kh8 16. Qe2 Bb4 17. Bxf6 gxf6 18. Qe3 Kg7 19. Re2 Nc6 20. Nd5 Bd6 21. Rae1
Rh8 22. Kg2 h6 23. Nf4 Qd7 24. Nxg6 fxg6 25. Nh4 Bb4 26. Qd3 f5 27. gxf5 Rhf8
28. Rg1 g5 29. d5 Ne7 30. Qd4+ Rf6 31. Re6 Raf8 32. Nf3 Nxf5 33. Qe5 Bd6 34.
Qc3 Nh4+ 35. Nxh4 gxh4 1-0

[Event "Copa Latinoamericana de Ajedrez 2011"]
[Site "Montevideo URU"]
[Date "2011.11.02"]
[Round "3.69"]
[White "Zecharies, Alexis"]
[Black "Bernal, Gustavo"]
[Result "0-1"]
[WhiteElo "1697"]
[BlackElo "2068"]
[PlyCount "38"]
[EventDate "2011.11.01"]
[EventType "swiss"]
[EventRounds "9"]
[EventCountry "URU"]
[Source "lmi"]
[SourceDate "2011.11.01"]

1. c4 c6 2. g3 Nf6 3. Bg2 d5 4. b3 Bf5 5. Ba3 Qa5 6. Bb2 Nbd7 7. Bc3 Qb6 8. d4
Ne4 9. f3 Nxc3 10. Nxc3 e5 11. c5 Qa5 12. Qd2 exd4 13. Qxd4 Bxc5 14. Qxg7 d4
15. Qxh8+ Ke7 16. Qxa8 Qxc3+ 17. Kf2 d3+ 18. e3 Qd2+ 19. Kf1 Bxe3 0-1

[Event "Copa Latinoamericana de Ajedrez 2011"]
[Site "Montevideo URU"]
[Date "2011.11.02"]
[Round "3.70"]
[White "Arean, Martin"]
[Black "Tacoronte, Daniel"]
[Result "1-0"]
[WhiteElo "2066"]
[BlackElo "2187"]
[PlyCount "71"]
[EventDate "2011.11.01"]
[EventType "swiss"]
[EventRounds "9"]
[EventCountry "URU"]
[Source "lmi"]
[SourceDate "2011.11.01"]

1. c4 Nf6 2. Nc3 g6 3. d4 Bg7 4. e4 d6 5. f3 O-O 6. Be3 e5 7. d5 Nbd7 8. Qd2
Ne8 9. Bd3 f5 10. exf5 gxf5 11. Nge2 Nc5 12. Bc2 a5 13. f4 b6 14. O-O e4 15.
Nd4 Bd7 16. b3 Nf6 17. h3 Kh8 18. a3 Na6 19. Rab1 Qe8 20. Nce2 Nh5 21. Kh2 Rg8
22. Rg1 Bf6 23. g3 Rg6 24. Rg2 Qf7 25. Rbg1 Rag8 26. Qe1 Qg7 27. Qf2 Nc5 28.
Nxf5 Bxf5 29. g4 Nxf4 30. Nxf4 Nd3 31. Bxd3 exd3 32. gxf5 Rxg2+ 33. Qxg2 Qf7
34. Qxg8+ Qxg8 35. Rxg8+ Kxg8 36. Nxd3 1-0